<?xml version="1.0" encoding="UTF-8"?>
<record
    xmlns:xsi="http://www.w3.org/2001/XMLSchema-instance"
    xsi:schemaLocation="http://www.loc.gov/MARC21/slim http://www.loc.gov/standards/marcxml/schema/MARC21slim.xsd"
    xmlns="http://www.loc.gov/MARC21/slim">

  <leader>     nam a22     7a 4500</leader>
  <datafield tag="999" ind1=" " ind2=" ">
    <subfield code="c">336537</subfield>
    <subfield code="d">336537</subfield>
  </datafield>
  <controlfield tag="003">IT-MiCISF</controlfield>
  <controlfield tag="005">20170329171827.0</controlfield>
  <controlfield tag="008">170329b        xxu||||| |||| 00| 0 eng d</controlfield>
  <datafield tag="040" ind1=" " ind2=" ">
    <subfield code="c">IT-MiCISF</subfield>
  </datafield>
  <datafield tag="041" ind1=" " ind2=" ">
    <subfield code="a">it</subfield>
  </datafield>
  <datafield tag="100" ind1=" " ind2=" ">
    <subfield code="a">Ricci Giancarlo</subfield>
    <subfield code="9">56314</subfield>
  </datafield>
  <datafield tag="245" ind1=" " ind2=" ">
    <subfield code="a">Sessualit&#xE0; e politica</subfield>
    <subfield code="b">Viaggio nell'arcipelago gender</subfield>
  </datafield>
  <datafield tag="260" ind1=" " ind2=" ">
    <subfield code="a">Milano</subfield>
    <subfield code="b">Sugarco Edizioni</subfield>
    <subfield code="c">2016</subfield>
  </datafield>
  <datafield tag="300" ind1=" " ind2=" ">
    <subfield code="a">pp. 234</subfield>
  </datafield>
  <datafield tag="500" ind1=" " ind2=" ">
    <subfield code="a">sessualit&#xE0;, famiglia, ruoli-sessuali, identit&#xE0;-sessuale, differenza-sessuale, omosessualit&#xE0;, psicoanalisi</subfield>
  </datafield>
  <datafield tag="520" ind1=" " ind2=" ">
    <subfield code="a">Esiste o non esiste l'ideologia gender? Che cosa propugna e chi la sostiene? Quali sono le sue implicazioni? Perch&#xE9; viene osteggiata? Il dibattito intorno alle unioni gay, alle adozioni in famiglie omogenitoriali, alle nuove possibilit&#xE0; della fecondazione eterologa sembrano spingerci sempre pi&#xF9; verso una mutazione antropologica. L&#x2019; A. qui individua 60 voci fondamentali che rappresentano il terreno su cui si gioca una scommessa decisiva e, tenendo conto di alcuni documenti governativi a livello sia italiano sia europeo, vogliono informare, spiegare e rispondere alle sottili implicazioni proposte dal pensiero gender. Si tratta di un viaggio, che attraversa i concetti cardine della psicoanalisi, della filosofia, del diritto, dell'antropologia con una serie di rinvii interni che permettono al lettore di costruirsi un proprio percorso di lettura.</subfield>
  </datafield>
  <datafield tag="650" ind1=" " ind2=" ">
    <subfield code="a">sessualit&#xE0;</subfield>
    <subfield code="9">56091</subfield>
  </datafield>
  <datafield tag="654" ind1=" " ind2=" ">
    <subfield code="a">saggio</subfield>
  </datafield>
  <datafield tag="942" ind1=" " ind2=" ">
    <subfield code="2">ddc</subfield>
    <subfield code="c">BK</subfield>
  </datafield>
  <datafield tag="952" ind1=" " ind2=" ">
    <subfield code="0">0</subfield>
    <subfield code="1">0</subfield>
    <subfield code="2">ddc</subfield>
    <subfield code="4">0</subfield>
    <subfield code="6">B_7244_000000000000000</subfield>
    <subfield code="7">1</subfield>
    <subfield code="a">CISF</subfield>
    <subfield code="b">CISF</subfield>
    <subfield code="d">2017-03-29</subfield>
    <subfield code="l">0</subfield>
    <subfield code="o">b7244</subfield>
    <subfield code="p">9788871987019</subfield>
    <subfield code="r">2017-03-29 00:00:00</subfield>
    <subfield code="w">2017-03-29</subfield>
    <subfield code="y">BK</subfield>
  </datafield>
</record>
